| 000 | 00763nam a22002657a 4500 | ||
|---|---|---|---|
| 001 | 7119 | ||
| 003 | FISKH | ||
| 005 | 20250624112111.0 | ||
| 008 | 250624b cb ||||| |||| 00| 0 eng d | ||
| 020 | _a9780394837482 | ||
| 040 |
_aFISKH _beng _cFISKH _dFISKH |
||
| 050 | _aTF148 .L56 | ||
| 082 | _a385 | ||
| 100 | _aLippman's , Peter | ||
| 245 |
_aBusy trains / _cBy Peter Lippman's |
||
| 260 |
_aNew York : _bRandom House , _c1978. |
||
| 300 |
_a32 unnumbered pages : _bcolor illustrations ; _c21 cm . |
||
| 505 | _aJ | ||
| 520 | _aIdentifies and discusses different kinds of trains. | ||
| 521 | 8 |
_a500
_bLexile estimate |
|
| 521 | 8 |
_aJ
_bRaz-Plus |
|
| 650 |
_aRailroads _vJuvenile Literature |
||
| 942 |
_2ddc _cBK _n0 |
||
| 999 |
_c7119 _d7119 |
||